| 000 | 00711nam a2200229Ia 4500 | ||
|---|---|---|---|
| 003 | OSt | ||
| 005 | 20221005131007.0 | ||
| 006 | a|||||r|||| 00| 0 | ||
| 007 | ta | ||
| 008 | 221004b |||||||| |||| 00| 0 eng d | ||
| 024 | _a32697 | ||
| 037 | _cTextual | ||
| 040 |
_aCRL _cCRL _beng |
||
| 041 |
_2eng _aeng |
||
| 082 | _aN1:9A, K7 close sec. | ||
| 100 |
_aTaylor Jeremy _9407162 |
||
| 245 | 0 |
_aScience lecture room _b A planning study to examine the principles of location and design of lecture rooms in the development of university science areas |
|
| 260 | _c1967 | ||
| 650 | _aARTS | ||
| 942 |
_hN1:9A, K7 close sec. _cTEXL _2cc |
||
| 999 |
_c1059044 _d1059044 |
||